000 00931nac a22003017a 4500
001 BR9301088
003 BR-BrBNA
005 20240105121426.0
008 230509b bl.|||m| |||| 00| 0 por d
040 _aBR-BrBNA
_bpor
_cBiblioteca Nacional de Agricultura
072 _aP10; P33
090 _aP10 BR9301088
100 1 _aLombardi Neto, F.
100 1 _aCamargo, O.A. de(Coords.)
110 1 _aInstituto Agronomico, Campinas, SP (Brasil)
245 1 _aMicrobacia do Corrego Sao Joaquim (Municipio de Pirassununga, SP)
260 3 _aCampinas, SP (Brasil):
_c1992.
300 _a138 p.
490 _aDocumentos - Instituto Agronomico (Brazil)
_vno. 29
_xISSN 0102-4477
650 _aMicrobacia
650 _aCorrego
650 _aSensoriamento Remoto
650 _aBalanco Hidrico
650 _aErosao Hidrica
650 _aSao Paulo
909 _a202312
_bLúcia Elande
_c55
_dLúcia Elande
942 _2AGRIS
_n0
_cMS
999 _c285236
_d285236